Loading...
| Fine Arts - Other Fine Arts | 2 | 9 | 0 | 4 | 120 | 86 | 120.64 | 2 | 9 |
| Fine Arts - Visual Fine Arts | 3 | 5 | 1 | 1 | 90 | 62 | 77.38 | 5 | 8 |
| Fine Arts - Auditory Fine Arts | 5 | 1 | 1 | 1 | 80 | 26 | 57.50 | 6 | 6 |
| Science - Other Science | 4 | 2 | 1 | 1 | 75 | 25 | 62.67 | 3 | 5 |
| History - Other History | 4 | 1 | 2 | 1 | 60 | 25 | 64.60 | 1 | 4 |
| History - World History | 3 | 1 | 0 | 0 | 55 | 24 | 58.75 | 2 | 3 |
| Religion | 2 | 2 | 1 | 1 | 45 | 36 | 71.75 | 1 | 4 |
| History - European History | 1 | 3 | 1 | 0 | 40 | 49 | 76.75 | 1 | 4 |
| Literature - European Literature | 0 | 3 | 0 | 1 | 30 | 84 | 107.00 | 2 | 3 |
| Science - Physics | 0 | 3 | 0 | 2 | 30 | 99 | 116.00 | 1 | 3 |
| Other Academic | 1 | 1 | 0 | 0 | 25 | 39 | 63.50 | 1 | 2 |
| Literature - World Literature | 1 | 1 | 0 | 0 | 25 | 61 | 96.50 | 1 | 2 |
| History - American History | 0 | 3 | 1 | 2 | 25 | 79 | 98.33 | 0 | 2 |
| Mythology | 2 | 0 | 2 | 0 | 20 | 46 | 49.00 | 1 | 2 |
| Social Science | 0 | 2 | 1 | 1 | 15 | 67 | 101.50 | 1 | 2 |
| Literature - American Literature | 1 | 0 | 0 | 0 | 15 | 53 | 53.00 | 1 | 1 |
| Philosophy | 0 | 2 | 1 | 0 | 15 | 80 | 94.50 | 0 | 2 |
| Science - Biology | 0 | 1 | 0 | 0 | 10 | 87 | 87.00 | 0 | 1 |
| Geography | 0 | 1 | 0 | 1 | 10 | 141 | 141.00 | 0 | 1 |
| Current Events | 0 | 1 | 1 | 0 | 5 | 104 | 104.00 | 0 | 0 |